<?xml version="1.0" encoding="UTF-8"?>
<record
    xmlns:xsi="http://www.w3.org/2001/XMLSchema-instance"
    xsi:schemaLocation="http://www.loc.gov/MARC21/slim http://www.loc.gov/standards/marcxml/schema/MARC21slim.xsd"
    xmlns="http://www.loc.gov/MARC21/slim">

  <leader>00460nam a2200169   4500</leader>
  <controlfield tag="003">SEACOMMC</controlfield>
  <controlfield tag="005">20250501152818.0</controlfield>
  <controlfield tag="008">250201b        |||||||| |||| 00| 0 eng d</controlfield>
  <datafield tag="020" ind1=" " ind2=" ">
    <subfield code="a">0-07-0599-521</subfield>
    <subfield code="c">Rs.250.00</subfield>
  </datafield>
  <datafield tag="040" ind1=" " ind2=" ">
    <subfield code="a">SEACOMMC</subfield>
  </datafield>
  <datafield tag="082" ind1=" " ind2=" ">
    <subfield code="a">428.2</subfield>
    <subfield code="b">A 827</subfield>
  </datafield>
  <datafield tag="100" ind1=" " ind2=" ">
    <subfield code="a">Rizvi,M Ashraf</subfield>
  </datafield>
  <datafield tag="245" ind1="1" ind2=" ">
    <subfield code="a">Effective Technical Communication /</subfield>
    <subfield code="c">M Ashraf Rizvi</subfield>
  </datafield>
  <datafield tag="260" ind1=" " ind2=" ">
    <subfield code="a"> New Delhi </subfield>
    <subfield code="b"> Tata McGraw-Hill Pulishing.</subfield>
    <subfield code="c"> 2005</subfield>
  </datafield>
  <datafield tag="650" ind1=" " ind2=" ">
    <subfield code="a">English</subfield>
  </datafield>
  <datafield tag="942" ind1=" " ind2=" ">
    <subfield code="c">BOOK</subfield>
  </datafield>
  <datafield tag="952" ind1=" " ind2=" ">
    <subfield code="0">0</subfield>
    <subfield code="1">0</subfield>
    <subfield code="2">ddc</subfield>
    <subfield code="4">0</subfield>
    <subfield code="7">0</subfield>
    <subfield code="a">SEACOMMC</subfield>
    <subfield code="b">SEACOMMC</subfield>
    <subfield code="c">REF</subfield>
    <subfield code="d">2008-02-18</subfield>
    <subfield code="l">0</subfield>
    <subfield code="o">428.2 A 827</subfield>
    <subfield code="p">M-1829</subfield>
    <subfield code="r">2025-02-01 12:59:54</subfield>
    <subfield code="w">2025-02-01</subfield>
    <subfield code="y">BOOK</subfield>
  </datafield>
  <datafield tag="952" ind1=" " ind2=" ">
    <subfield code="0">0</subfield>
    <subfield code="1">0</subfield>
    <subfield code="2">ddc</subfield>
    <subfield code="4">0</subfield>
    <subfield code="7">0</subfield>
    <subfield code="a">SEACOMMC</subfield>
    <subfield code="b">SEACOMMC</subfield>
    <subfield code="d">2008-02-18</subfield>
    <subfield code="l">0</subfield>
    <subfield code="o">428.2 A 827</subfield>
    <subfield code="p">M-1830</subfield>
    <subfield code="r">2025-02-01 13:00:57</subfield>
    <subfield code="t">1</subfield>
    <subfield code="w">2025-02-01</subfield>
    <subfield code="y">BOOK</subfield>
  </datafield>
  <datafield tag="952" ind1=" " ind2=" ">
    <subfield code="0">0</subfield>
    <subfield code="1">0</subfield>
    <subfield code="2">ddc</subfield>
    <subfield code="4">0</subfield>
    <subfield code="7">0</subfield>
    <subfield code="a">SEACOMMC</subfield>
    <subfield code="b">SEACOMMC</subfield>
    <subfield code="d">2008-02-18</subfield>
    <subfield code="l">0</subfield>
    <subfield code="o">428.2 A 827</subfield>
    <subfield code="p">M-1831</subfield>
    <subfield code="r">2025-02-01 13:00:57</subfield>
    <subfield code="t">2</subfield>
    <subfield code="w">2025-02-01</subfield>
    <subfield code="y">BOOK</subfield>
  </datafield>
  <datafield tag="952" ind1=" " ind2=" ">
    <subfield code="0">0</subfield>
    <subfield code="1">0</subfield>
    <subfield code="2">ddc</subfield>
    <subfield code="4">0</subfield>
    <subfield code="7">0</subfield>
    <subfield code="a">SEACOMMC</subfield>
    <subfield code="b">SEACOMMC</subfield>
    <subfield code="d">2008-02-18</subfield>
    <subfield code="l">0</subfield>
    <subfield code="o">428.2 A 827</subfield>
    <subfield code="p">M-1832</subfield>
    <subfield code="r">2025-02-01 13:00:57</subfield>
    <subfield code="t">3</subfield>
    <subfield code="w">2025-02-01</subfield>
    <subfield code="y">BOOK</subfield>
  </datafield>
  <datafield tag="952" ind1=" " ind2=" ">
    <subfield code="0">0</subfield>
    <subfield code="1">0</subfield>
    <subfield code="2">ddc</subfield>
    <subfield code="4">0</subfield>
    <subfield code="7">0</subfield>
    <subfield code="a">SEACOMMC</subfield>
    <subfield code="b">SEACOMMC</subfield>
    <subfield code="d">2008-02-18</subfield>
    <subfield code="l">0</subfield>
    <subfield code="o">428.2 A 827</subfield>
    <subfield code="p">M-1833</subfield>
    <subfield code="r">2025-02-01 13:00:57</subfield>
    <subfield code="t">4</subfield>
    <subfield code="w">2025-02-01</subfield>
    <subfield code="y">BOOK</subfield>
  </datafield>
  <datafield tag="952" ind1=" " ind2=" ">
    <subfield code="0">0</subfield>
    <subfield code="1">0</subfield>
    <subfield code="2">ddc</subfield>
    <subfield code="4">0</subfield>
    <subfield code="7">0</subfield>
    <subfield code="a">SEACOMMC</subfield>
    <subfield code="b">SEACOMMC</subfield>
    <subfield code="d">2008-02-18</subfield>
    <subfield code="l">0</subfield>
    <subfield code="o">428.2 A 827</subfield>
    <subfield code="p">M-1834</subfield>
    <subfield code="r">2025-02-01 13:00:57</subfield>
    <subfield code="t">5</subfield>
    <subfield code="w">2025-02-01</subfield>
    <subfield code="y">BOOK</subfield>
  </datafield>
  <datafield tag="952" ind1=" " ind2=" ">
    <subfield code="0">0</subfield>
    <subfield code="1">0</subfield>
    <subfield code="2">ddc</subfield>
    <subfield code="4">0</subfield>
    <subfield code="7">0</subfield>
    <subfield code="a">SEACOMMC</subfield>
    <subfield code="b">SEACOMMC</subfield>
    <subfield code="d">2008-02-18</subfield>
    <subfield code="l">0</subfield>
    <subfield code="o">428.2 A 827</subfield>
    <subfield code="p">M-1835</subfield>
    <subfield code="r">2025-02-01 13:00:57</subfield>
    <subfield code="t">6</subfield>
    <subfield code="w">2025-02-01</subfield>
    <subfield code="y">BOOK</subfield>
  </datafield>
  <datafield tag="952" ind1=" " ind2=" ">
    <subfield code="0">0</subfield>
    <subfield code="1">0</subfield>
    <subfield code="2">ddc</subfield>
    <subfield code="4">0</subfield>
    <subfield code="7">0</subfield>
    <subfield code="a">SEACOMMC</subfield>
    <subfield code="b">SEACOMMC</subfield>
    <subfield code="d">2008-02-18</subfield>
    <subfield code="l">0</subfield>
    <subfield code="o">428.2 A 827</subfield>
    <subfield code="p">M-1836</subfield>
    <subfield code="r">2025-02-01 13:00:57</subfield>
    <subfield code="t">7</subfield>
    <subfield code="w">2025-02-01</subfield>
    <subfield code="y">BOOK</subfield>
  </datafield>
  <datafield tag="952" ind1=" " ind2=" ">
    <subfield code="0">0</subfield>
    <subfield code="1">0</subfield>
    <subfield code="2">ddc</subfield>
    <subfield code="4">0</subfield>
    <subfield code="7">0</subfield>
    <subfield code="a">SEACOMMC</subfield>
    <subfield code="b">SEACOMMC</subfield>
    <subfield code="d">2008-02-18</subfield>
    <subfield code="l">0</subfield>
    <subfield code="o">428.2 A 827</subfield>
    <subfield code="p">M-1837</subfield>
    <subfield code="r">2025-02-01 13:00:57</subfield>
    <subfield code="t">8</subfield>
    <subfield code="w">2025-02-01</subfield>
    <subfield code="y">BOOK</subfield>
  </datafield>
  <datafield tag="952" ind1=" " ind2=" ">
    <subfield code="0">0</subfield>
    <subfield code="1">0</subfield>
    <subfield code="2">ddc</subfield>
    <subfield code="4">0</subfield>
    <subfield code="7">0</subfield>
    <subfield code="a">SEACOMMC</subfield>
    <subfield code="b">SEACOMMC</subfield>
    <subfield code="d">2008-02-18</subfield>
    <subfield code="l">0</subfield>
    <subfield code="o">428.2 A 827</subfield>
    <subfield code="p">M-1838</subfield>
    <subfield code="r">2025-02-01 13:00:57</subfield>
    <subfield code="t">9</subfield>
    <subfield code="w">2025-02-01</subfield>
    <subfield code="y">BOOK</subfield>
  </datafield>
  <datafield tag="952" ind1=" " ind2=" ">
    <subfield code="0">0</subfield>
    <subfield code="1">0</subfield>
    <subfield code="2">ddc</subfield>
    <subfield code="4">0</subfield>
    <subfield code="7">0</subfield>
    <subfield code="a">SEACOMMC</subfield>
    <subfield code="b">SEACOMMC</subfield>
    <subfield code="d">2008-02-18</subfield>
    <subfield code="l">0</subfield>
    <subfield code="o">428.2 A 827</subfield>
    <subfield code="p">M-1839</subfield>
    <subfield code="r">2025-02-01 13:00:57</subfield>
    <subfield code="t">10</subfield>
    <subfield code="w">2025-02-01</subfield>
    <subfield code="y">BOOK</subfield>
  </datafield>
  <datafield tag="952" ind1=" " ind2=" ">
    <subfield code="0">0</subfield>
    <subfield code="1">0</subfield>
    <subfield code="2">ddc</subfield>
    <subfield code="4">0</subfield>
    <subfield code="7">0</subfield>
    <subfield code="a">SEACOMMC</subfield>
    <subfield code="b">SEACOMMC</subfield>
    <subfield code="d">2008-02-18</subfield>
    <subfield code="l">0</subfield>
    <subfield code="o">428.2 A 827</subfield>
    <subfield code="p">M-1840</subfield>
    <subfield code="r">2025-02-01 13:00:57</subfield>
    <subfield code="t">11</subfield>
    <subfield code="w">2025-02-01</subfield>
    <subfield code="y">BOOK</subfield>
  </datafield>
  <datafield tag="952" ind1=" " ind2=" ">
    <subfield code="0">0</subfield>
    <subfield code="1">0</subfield>
    <subfield code="2">ddc</subfield>
    <subfield code="4">0</subfield>
    <subfield code="7">0</subfield>
    <subfield code="a">SEACOMMC</subfield>
    <subfield code="b">SEACOMMC</subfield>
    <subfield code="d">2008-02-18</subfield>
    <subfield code="l">0</subfield>
    <subfield code="o">428.2 A 827</subfield>
    <subfield code="p">M-1841</subfield>
    <subfield code="r">2025-02-01 13:00:57</subfield>
    <subfield code="t">12</subfield>
    <subfield code="w">2025-02-01</subfield>
    <subfield code="y">BOOK</subfield>
  </datafield>
  <datafield tag="952" ind1=" " ind2=" ">
    <subfield code="0">0</subfield>
    <subfield code="1">0</subfield>
    <subfield code="2">ddc</subfield>
    <subfield code="4">0</subfield>
    <subfield code="7">0</subfield>
    <subfield code="a">SEACOMMC</subfield>
    <subfield code="b">SEACOMMC</subfield>
    <subfield code="d">2008-02-18</subfield>
    <subfield code="l">0</subfield>
    <subfield code="o">428.2 A 827</subfield>
    <subfield code="p">M-1842</subfield>
    <subfield code="r">2025-02-01 13:00:57</subfield>
    <subfield code="t">13</subfield>
    <subfield code="w">2025-02-01</subfield>
    <subfield code="y">BOOK</subfield>
  </datafield>
  <datafield tag="952" ind1=" " ind2=" ">
    <subfield code="0">0</subfield>
    <subfield code="1">0</subfield>
    <subfield code="2">ddc</subfield>
    <subfield code="4">0</subfield>
    <subfield code="7">0</subfield>
    <subfield code="a">SEACOMMC</subfield>
    <subfield code="b">SEACOMMC</subfield>
    <subfield code="d">2008-02-18</subfield>
    <subfield code="l">0</subfield>
    <subfield code="o">428.2 A 827</subfield>
    <subfield code="p">M-1843</subfield>
    <subfield code="r">2025-02-01 13:00:57</subfield>
    <subfield code="t">14</subfield>
    <subfield code="w">2025-02-01</subfield>
    <subfield code="y">BOOK</subfield>
  </datafield>
  <datafield tag="999" ind1=" " ind2=" ">
    <subfield code="c">1044</subfield>
    <subfield code="d">1044</subfield>
  </datafield>
</record>
